000 00810nam a22002297a 4500
999 _c16640
_d16640
003 AR-CdUCM
008 190504b ||||| |||| 00| 0 spa d
040 _aMUNICIPALIDAD PROVINCIAL DEL CUSCO
_cBIBLIOTECA MUNICIPAL DEL CUSCO
082 _a400 /
_bM26
100 _aMartinet, André
_936204
245 _aElementos de lingüística general /
260 _aMadrid :
_bGredos,
_c1970.
300 _a274 páginas ;
_c20 cm.
440 _aBiblioteca románica hispánica
_920948
505 _aContenido : La lingüística, el lenguaje y la lengua -- La descripción de las lenguas -- El análisis fonológico ...
650 _aLenguaje
_95227
650 _aFonología
_910735
650 _aLingüística
_91640
700 _aCalonge Ruiz, Julio
_936205
942 _2ddc
_cLIBROS
945 _arah
_d04/05/2019